Statistics for All Marvel/Netflix Shows

Click here to take the quiz!

General Stats

  • This quiz has been taken 133 times
  • The average score is 5 of 6

Answer Stats

HintAnswer% Correct
2015-2018Daredevil
96%
2015-2019Jessica Jones
87%
2017-2018Luke Cage
84%
2017-2018Iron Fist
83%
2017The Defenders
77%
2017-2019The Punisher
75%

Score Distribution

Percentile by Number Answered

Percent of People with Each Score

Your Score History

You have not taken this quiz